Every Player in a 2024 T20 World Cup Squad - Statistics

General Stats
  • This quiz has been taken 47 times
    38 since last reset
  • The average score is 96 of 302
Answer Stats
Hint Answer % Correct
England Jos Buttler
86%
Pakistan Azam Khan
81%
Pakistan Babar Azam
81%
Afghanistan Rashid Khan
81%
Pakistan Shadab Khan
81%
USA Ali Khan
76%
Oman Ayaan Khan
76%
Oman Bilal Khan
76%
India Jasprit Bumrah
76%
Oman Mehran Khan
76%
Pakistan Mohammad Rizwan
76%
India Rohit Sharma
76%
Bangladesh Shakib Al Hasan
76%
Pakistan Usman Khan
76%
India Virat Kohli
76%
India Arshdeep Singh
71%
USA Harmeet Singh
71%
USA Jessy Singh
71%
England Jofra Archer
71%
India Kuldeep Yadav
71%
Australia Mitchell Starc
71%
England Moeen Ali
71%
Pakistan Naseem Shah
71%
Canada Pargat Singh
71%
Canada Ravinderpal Singh
71%
Uganda Riyaz Ali Shah
71%
Oman Shoaib Khan
71%
India Suryakumar Yadav
71%
Netherlands Vikram Singh
71%
England Adil Rashid
67%
India Axar Patel
67%
Australia David Warner
67%
Oman Fayyaz Butt
67%
New Zealand Kane Williamson
67%
India Mohammed Siraj
67%
USA Monank Patel
67%
USA Nisarg Patel
67%
Australia Pat Cummins
67%
England Phil Salt
67%
India Rishabh Pant
67%
Uganda Ronak Patel
67%
Pakistan Shaheen Afridi
67%
New Zealand Trent Boult
67%
England Chris Jordan
62%
South Africa David Miller
62%
Australia Glenn Maxwell
62%
India Hardik Pandya
62%
Pakistan Haris Rauf
62%
Bangladesh Litton Das
62%
Australia Mitch Marsh
62%
Pakistan Mohammad Abbas Afridi
62%
Ireland Paul Stirling
62%
Australia Travis Head
62%
Ireland Joshua Little
57%
South Africa Kagiso Rabada
57%
England Mark Wood
57%
South Africa Quinton de Kock
57%
Afghanistan Rahmanullah Gurbaz
57%
India Ravindra Jadeja
57%
England Sam Curran
57%
Netherlands Scott Edwards
57%
South Africa Aiden Markram
52%
England Harry Brook
52%
Afghanistan Ibrahim Zadran
52%
Australia Josh Hazlewood
52%
Sri Lanka Kamindu Mendis
52%
Sri Lanka Kusal Mendis
52%
Afghanistan Mohammad Nabi
52%
Afghanistan Najibullah Zadran
52%
New Zealand Rachin Ravindra
52%
India Shivam Dube
52%
New Zealand Tim Southee
52%
India Yashasvi Jaiswal
52%
Australia Adam Zampa
48%
South Africa Heinrish Klaasen
48%
Pakistan Iftikhar Ahmed
48%
England Johnny Bairstow
48%
South Africa Keshav Maharaj
48%
England Liam Livingstone
48%
Australia Marcus Stoinis
48%
New Zealand Mitchell Santner
48%
Pakistan Mohammad Amir
48%
Afghanistan Mujeeb Ur Rahman
48%
Bangladesh Mustafizur Rahman
48%
Bangladesh Shak Mahedi Hasan
48%
India Yuzvendra Chahal
48%
Pakistan Abrar Ahmed
43%
West Indies Andre Russell
43%
West Indies Brandon King
43%
New Zealand Daryl Mitchell
43%
Namibia JJ Smit
43%
Australia Josh Inglis
43%
Sri Lanka Matheesha Pathirana
43%
Australia Matthew Wade
43%
India Sanju Samson
43%
Bangladesh Taskin Ahmed
43%
Sri Lanka Wanindu Hasaranga
43%
USA Aaron Jones
38%
Sri Lanka Angelo Mathews
38%
Australia Ashton Agar
38%
England Ben Duckett
38%
Namibia David Wiese
38%
New Zealand Devon Conway
38%
Afghanistan Fazalhaq Farooqi
38%
South Africa Marco Jansen
38%
Scotland Michael Jones
38%
USA Milind Kumar
38%
Bangladesh Najmul Hossain Shanto
38%
Afghanistan Naveen Ul-Haq
38%
West Indies Nicholas Pooran
38%
USA Nitish Kumar
38%
Oman Shakeel Ahmed
38%
USA Steven Taylor
38%
West Indies Alzarri Joseph
33%
Papua New Guinea Assad Vala
33%
USA Corey Anderson
33%
New Zealand Finn Allen
33%
New Zealand Glenn Phillips
33%
Ireland Harry Tector
33%
Pakistan Imad Wasim
33%
New Zealand Ish Sodhi
33%
New Zealand Jimmy Neesham
33%
New Zealand Lockie Ferguson
33%
Sri Lanka Maheesh Theekshana
33%
Ireland Mark Adair
33%
New Zealand Mark Chapman
33%
New Zealand Matt Henry
33%
Australia Nathan Ellis
33%
Sri Lanka Pathum Nissanka
33%
Ireland Ross Adair
33%
Pakistan Saim Ayub
33%
West Indies Shamar Joseph
33%
South Africa Tabraiz Shamsi
33%
South Africa Tristan Stubbs
33%
England Will Jacks
33%
Ireland Andrew Balbirnie
29%
South Africa Anrich Nortje
29%
Afghanistan Azmatullah Omarzai
29%
Australia Cameron Green
29%
Scotland George Munsey
29%
West Indies Gudakesh Motie
29%
West Indies Jason Holder
29%
Ireland Lorcan Tucker
29%
Bangladesh Mahmudullah
29%
Netherlands Max O'Dowd
29%
Afghanistan Noor Ahmad
29%
England Reece Topley
29%
South Africa Reeza Hendricks
29%
West Indies Rovman Powell
29%
Canada Saad Bin Zafar
29%
West Indies Sherfane Rutherford
29%
West Indies Shimron Hetmyer
29%
Bangladesh Soumya Sarkar
29%
Australia Tim David
29%
Namibia Zane Green
29%
West Indies Akeal Hosein
24%
Ireland Barry McCarthy
24%
Netherlands Bas de Leede
24%
Sri Lanka Charith Asalanka
24%
Ireland Curtis Campher
24%
Sri Lanka Dhananjaya de Silva
24%
Sri Lanka Dushmantha Chameera
24%
Pakistan Fakhar Zaman
24%
Namibia Gerhard Erasmus
24%
Afghanistan Gulbadin Naib
24%
Netherlands Logan van Beek
24%
South Africa Ottniel Baartman
24%
Scotland Richie Berrington
24%
West Indies Romario Shepherd
24%
South Africa Ryan Rickelton
24%
USA Andries Gous
19%
Netherlands Aryan Dutt
19%
Namibia Bernard Scholtz
19%
Scotland Brad Wheal
19%
Sri Lanka Dasun Shanaka
19%
Sri Lanka Dunith Wellalage
19%
Papua New Guinea Hiri Hiri
19%
Papua New Guinea John Kariko
19%
Nepal Karan KC
19%
Afghanistan Karim Janat
19%
Scotland Mark Watt
19%
Netherlands Michael Levitt
19%
Papua New Guinea Norman Vanua
19%
Bangladesh Rishad Hossain
19%
West Indies Roston Chase
19%
Namibia Ruben Trumpelmann
19%
West Indies Shai Hope
19%
Bangladesh Tanzim Hasan Sakib
19%
Bangladesh Tawhid Hridoy
19%
Canada Aaron Johnson
14%
Nepal Aasif Sheikh
14%
Nepal Anil Kumar Sah
14%
Oman Aqib Ilyas
14%
Namibia Ben Shikongo
14%
Ireland Ben White
14%
Uganda Bilal Hussain
14%
South Africa Bjorn Fortuin
14%
Scotland Bradley Currie
14%
Ireland Craig Young
14%
Canada Dilon Heyliger
14%
Sri Lanka Dilshan Madushanka
14%
Nepal Dipendra Singh Airee
14%
Uganda Frank Nsubuga
14%
Ireland George Dockrell
14%
South Africa Gerald Coetzee
14%
Canada Hash Thaker
14%
Canada Jeremy Gordon
14%
West Indies Johnson Charles
14%
Papua New Guinea Kabua Vagi Morea
14%
Nepal Kamal Singh Airee
14%
Nepal Khushal Bhurtel
14%
New Zealand Michael Bracewell
14%
Scotland Michael Leask
14%
Afghanistan Mohammad Ishaq
14%
Uganda Robinson Obuya
14%
Uganda Roger Mukasa
14%
Bangladesh Shoriful Islam
14%
Netherlands Sybrand Engelbrecht
14%
Bangladesh Tanvir Islam
14%
Netherlands Tim Pringle
14%
England Tom Hartley
14%
Papua New Guinea Tony Ura
14%
Netherlands Viv Kingma
14%
Oman Zeeshan Maqsood
14%
Nepal Abinash Bohara
10%
Papua New Guinea Alei Nao
10%
Scotland Brandon McMullen
10%
Uganda Brian Masaba
10%
Papua New Guinea Chad Soper
10%
Canada Dilpreet Bajwa
10%
Uganda Dinesh Nakrani
10%
Afghanistan Fareed Ahmad Malik
10%
Ireland Gareth Delaney
10%
Namibia Jack Brassell
10%
Papua New Guinea Jack Gardner
10%
Bangladesh Jaker Ali Anik
10%
Namibia Jan Frylinck
10%
Canada Kaleem Sana
10%
Oman Kaleemullah
10%
Oman Kashyap Prajapati
10%
Papua New Guinea Kipling Doriga
10%
Nepal Kushal Malla
10%
Netherlands Kyle Klein
10%
Scotland Matthew Cross
10%
Namibia Michael Van Lingen
10%
Canada Navneet Dhaliwal
10%
Ireland Neil Rock
10%
Canada Nicholas Kirton
10%
Namibia Niko Davin
10%
USA Noshtush Kenjige
10%
Netherlands Paul van Meekeran
10%
Namibia PD Blignaut
10%
Oman Pratik Athavale
10%
Nepal Pratis GC
10%
Canada Rayyankhan Pathan
10%
Nepal Rohit Paudel
10%
Netherlands Ryan Klein
10%
Sri Lanka Sadeera Samarawickrama
10%
Papua New Guinea Sese Bau
10%
USA Shadley Van Schalkwyk
10%
USA Shayan Jahangir
10%
Canada Shreyas Movva
10%
Uganda Simon Ssesazi
10%
Nepal Sompal Kami
10%
Namibia Tangeni Lungameni
10%
Bangladesh Tanzid Hasan Tamim
10%
Netherlands Teja Nidamanuru
10%
Netherlands Welsey Barresi
10%
Uganda Alpesh Ramjani
5%
Papua New Guinea Charles Amini
5%
Scotland Charlie Tear
5%
Scotland Chris Greaves
5%
Scotland Chris Sole
5%
Uganda Cosmas Kyewuta
5%
Uganda Fred Achelam
5%
Ireland Graham Hume
5%
Nepal Gulshan Jha
5%
Uganda Henry Ssenyondo
5%
Papua New Guinea Hila Vare
5%
Namibia JP Kotze
5%
Uganda Juma Miyaji
5%
Canada Junaid Siddiqui
5%
Canada Kanwarpal Tathgur
5%
Uganda Kenneth Waiswa
5%
Nepal Lalit Rajbanshi
5%
Papua New Guinea Lega Siaka
5%
Afghanistan Nangyal Kharoti
5%
Sri Lanka Nuwan Thushura
5%
Scotland Oli Hairs
5%
Oman Rafiullah
5%
Scotland Safyaan Sharif
5%
Nepal Sagar Dhakal
5%
Netherlands Saqib Zulfiqar
5%
USA Saurabh Nethralvakar
5%
Papua New Guinea Sema Kamea
5%
Namibia Dylan Leicher
0%
Scotland Jack Jarvis
0%
Oman Khalid Kail
0%
Namibia Malan Kruger
0%
Oman Mohammad Nadeem
0%
Oman Naseem Khushi
0%
Nepal Sundeep Jora
0%
No matching quizzes found
Score Distribution
Percent of People with Each Score
Percentile by Number Answered
Your Score History
You have not taken this quiz since the last reset